Sports Quiz

Random Sports Quiz

Name the fifa team of the year (FIFA 10-FIFA 20) Quiz Stats

 Plays Quiz not verified by Sporcle

Support Sporcle.
Go Orange.
Score 0/36 Timer 10:00
0 Plays Today
Hint Answer % Correct
REAL MADRID LBMARCELO
97.3%
REAL MADRID LBMARCELO
97.3%
REAL MADRID CBSERGIO RAMOS
95.9%
REAL MADRID CBSERGIO RAMOS
95.9%
BARCELONA RWLIONEL MESSI
94.6%
FORMER REAL MADRID LW(CR7)CRISTIANO RONALDO
94.6%
FORMER REAL MADRID LW(CR7)CRISTIANO RONALDO
94.6%
BARCELONA RWLIONEL MESSI
94.6%
BARCELONA RWLIONEL MESSI
94.6%
12TH PLAYER FORMER REAL MADRID LW(CR7)CRISTIANO RONALDO
94.6%
CHELSEA CDMN´GOLO KANTE
93.2%
CHELSEA CDMN´GOLO KANTE
93.2%
PARIS SAINT GERMAIN RWKYLIAN MBAPPE
93.2%
CHELSEA CDMN´GOLO KANTE
93.2%
PARIS SAINT GERMAIN RWKYLIAN MBAPPE
93.2%
LIVERPOOL LWSADIO MANE
93.2%
REAL MADRID CMLUKA MODRIC
90.5%
REAL MADRID CMLUKA MODRIC
90.5%
Hint Answer % Correct
TOTTENHAM HOTSPUR STHARRY KANE
89.2%
12TH PLAYER LIVERPOOL RWMOHAMED SALAH
89.2%
MAN UTD GKDAVID DE GEA
87.8%
MAN UTD GKDAVID DE GEA
87.8%
LIVERPOOL GKALISSON
86.5%
LIVERPOOL LBANDREW ROBERTSON
86.5%
LIVERPOOL CBVIRGIL VAN DIJK
83.8%
LIVERPOOL CBVIRGIL VAN DIJK
83.8%
13TH PLAYER MANCHESTER CITY CAMDAVID SILVA
82.4%
LIVERPOOL RBTRENT ALEXANDER-ARNOLD
82.4%
FORMER PSG RBDANI ALVES
81.1%
MANCHESTER CITY CAMKEVIN DE BRUYNE
81.1%
REAL MADRID CBRAPHAEL VARANE
81.1%
MANCHESTER CITY CAMKEVIN DE BRUYNE
81.1%
MANCHESTER CITY CAMKEVIN DE BRUYNE
81.1%
FORMER AC MILAN CBLEONARDO BONUCCI
73%
BARCELONA CMFRENKIE DE JONG
60.8%
JUVENTUS CBMATTIAS DE LIGT
45.9%

You're not logged in!

Compare scores with friends on all Sporcle quizzes.
OR
Log In

From the Vault

History of London II

by ZYX

This probably won't get you through that exam you didn't study for, though.
Remove Ads.
Support Sporcle.
Get the best of Sporcle when you Go Orange. This ad-free experience offers more features, more stats, and more fun while also helping to support Sporcle. Thank you for becoming a member.

Show Comments

Extras

Created Feb 20, 2020ReportNominate
Tags:FIFA, team

Top Quizzes Today


Score Distribution

Your Account Isn't Verified!

In order to create a playlist on Sporcle, you need to verify the email address you used during registration. Go to your Sporcle Settings to finish the process.

Report this User

Report this user for behavior that violates our Community Guidelines.

Details: